UM Logo

An introduction to film and tv production : (Record no. 18532)

MARC details
000 -LEADER
fixed length control field 00779nam a22002057a 4500
008 - FIXED-LENGTH DATA ELEMENTS--GENERAL INFORMATION
fixed length control field 231128b ||||| |||| 00| 0 eng d
020 ## - INTERNATIONAL STANDARD BOOK NUMBER
International Standard Book Number 9781032029948
082 ## - DEWEY DECIMAL CLASSIFICATION NUMBER
Classification number DC 070.1068
Edition number 2022
Item number R399
100 ## - MAIN ENTRY--PERSONAL NAME
Personal name Richie, Joseph.
9 (RLIN) 50224
245 ## - TITLE STATEMENT
Title An introduction to film and tv production :
Remainder of title from concept to market /
Statement of responsibility, etc. Joseph Richie and three others.
260 ## - PUBLICATION, DISTRIBUTION, ETC. (IMPRINT)
Place of publication, distribution, etc. New York :
Name of publisher, distributor, etc. Routledge,
Date of publication, distribution, etc. ©2022.
300 ## - PHYSICAL DESCRIPTION
Extent xvi, 207 pages :
Other physical details illustrations ;
Dimensions 22.5 cm.
500 ## - GENERAL NOTE
General note Includes glossary and index.
650 ## - SUBJECT ADDED ENTRY--TOPICAL TERM
Topical term or geographic name as entry element Motion pictures
General subdivision Production and direction.
9 (RLIN) 50232
650 ## - SUBJECT ADDED ENTRY--TOPICAL TERM
Topical term or geographic name as entry element Digital media
General subdivision Marketing.
9 (RLIN) 50233
700 ## - ADDED ENTRY--PERSONAL NAME
Personal name Russell, Karen.
Relator term author.
9 (RLIN) 50225
700 ## - ADDED ENTRY--PERSONAL NAME
Personal name Taylor, Airielle J.
Relator term author.
9 (RLIN) 50226
700 ## - ADDED ENTRY--PERSONAL NAME
Personal name Winston, Tameka.
Relator term author.
9 (RLIN) 50227
942 ## - ADDED ENTRY ELEMENTS (KOHA)
Source of classification or shelving scheme Dewey Decimal Classification
Koha item type Circulation
Holdings
Withdrawn status Lost status Source of classification or shelving scheme Damaged status Not for loan Collection code Home library Current library Date acquired Source of acquisition Cost, normal purchase price Total Checkouts Full call number Barcode Date last seen Copy number Price effective from Koha item type
    Dewey Decimal Classification     Circulation UM Digos College - LIC UM Digos College - LIC 08/08/2023 Purchased 4395.00   DC 070.1068 R399 2022 27340 05/15/2025 1 11/28/2023 Circulation
    Dewey Decimal Classification     Circulation UM Digos College - LIC UM Digos College - LIC 08/08/2023 Purchased 4274.00   DC 070.1068 R399 2022 27341 05/15/2025 2 11/28/2023 Circulation